Establishment and characterisation of Hevea cell suspension cultures (Record no. 58769)
[ view plain ]
| 000 -LEADER | |
|---|---|
| fixed length control field | 00542nam a2200205Ia 4500 |
| 100 ## - MAIN ENTRY--AUTHOR NAME | |
| Personal name | Ziyun W |
| 245 #0 - TITLE STATEMENT | |
| Title | Establishment and characterisation of Hevea cell suspension cultures |
| 260 ## - PUBLICATION, DISTRIBUTION, ETC. (IMPRINT) | |
| Name of publisher | Journal of Rubber Research |
| Year of publication | 2009 |
| 300 ## - PHYSICAL DESCRIPTION | |
| Number of Pages | 45-57 |
| 520 ## - SUMMARY, ETC. | |
| Summary, etc | DL 2009 |
| 650 ## - SUBJECT ADDED ENTRY--TOPICAL TERM | |
| Topical Term | Biomass |
| 650 ## - SUBJECT ADDED ENTRY--TOPICAL TERM | |
| Topical Term | Cell growth pattern |
| 650 ## - SUBJECT ADDED ENTRY--TOPICAL TERM | |
| Topical Term | Plant growth regulator |
| 650 ## - SUBJECT ADDED ENTRY--TOPICAL TERM | |
| Topical Term | Suspension cultures |
| 700 ## - ADDED ENTRY--PERSONAL NAME | |
| Personal name | Hua Y W |
| 700 ## - ADDED ENTRY--PERSONAL NAME | |
| Personal name | Huang H S |
| 700 ## - ADDED ENTRY--PERSONAL NAME | |
| Personal name | Huang T D |
| 942 ## - ADDED ENTRY ELEMENTS (KOHA) | |
| Koha item type | Journals |
| Withdrawn status | Lost status | Damaged status | Not for loan | Home library | Current library | Shelving location | Date acquired | Serial Enumeration / chronology | Koha item type |
|---|---|---|---|---|---|---|---|---|---|
| Journals | RRII Library | RRII Library | Biotechnology | 08/05/2009 | Volume 12, Issue 1 | Journals |